The geeks of war : (Record no. 232763)

000 -LEADER
fixed length control field 01265cam a22003014a 4500
001 - CONTROL NUMBER
control field 13857679
003 - CONTROL NUMBER IDENTIFIER
control field Nust
005 - DATE AND TIME OF LATEST TRANSACTION
control field 20170223113432.0
008 - FIXED-LENGTH DATA ELEMENTS--GENERAL INFORMATION
fixed length control field 050201s2005 nyua 001 0 eng
010 ## - LIBRARY OF CONGRESS CONTROL NUMBER
LC control number 2005002636
016 7# - NATIONAL BIBLIOGRAPHIC AGENCY CONTROL NUMBER
Record control number 013185597
Source Uk
020 ## - INTERNATIONAL STANDARD BOOK NUMBER
International Standard Book Number 0814408524
035 ## - SYSTEM CONTROL NUMBER
System control number (OCoLC)ocm57594937
040 ## - CATALOGING SOURCE
Original cataloging agency DLC
Transcribing agency DLC
Modifying agency UKM
-- C#P
-- OCL
-- BAKER
-- DLC
042 ## - AUTHENTICATION CODE
Authentication code pcc
043 ## - GEOGRAPHIC AREA CODE
Geographic area code n-us---
050 00 - LIBRARY OF CONGRESS CALL NUMBER
Classification number U393
Item number .E38 2005
082 00 - DEWEY DECIMAL CLASSIFICATION NUMBER
Classification number 355/.07/0973
Edition number 22
100 1# - MAIN ENTRY--PERSONAL NAME
Personal name Edwards, John,
Dates associated with a name 1954-
245 14 - TITLE STATEMENT
Title The geeks of war :
Remainder of title the secretive labs and brilliant minds behind tomorrow's warfare technologies /
Statement of responsibility, etc. John Edwards.
260 ## - PUBLICATION, DISTRIBUTION, ETC.
Place of publication, distribution, etc. New York :
Name of publisher, distributor, etc. AMACOM,
Date of publication, distribution, etc. c2005.
300 ## - PHYSICAL DESCRIPTION
Extent xvii, 221 p. :
Other physical details ill. ;
Dimensions 24 cm.
500 ## - GENERAL NOTE
General note Includes index.
650 #0 - SUBJECT ADDED ENTRY--TOPICAL TERM
Topical term or geographic name entry element Military research
Geographic subdivision United States.
650 #0 - SUBJECT ADDED ENTRY--TOPICAL TERM
Topical term or geographic name entry element Military art and science
General subdivision Technological innovations
Geographic subdivision United States
General subdivision History
Chronological subdivision 21st century.
856 41 - ELECTRONIC LOCATION AND ACCESS
Materials specified Table of contents
Uniform Resource Identifier <a href="http://www.loc.gov/catdir/toc/ecip057/2005002636.html">http://www.loc.gov/catdir/toc/ecip057/2005002636.html</a>
906 ## - LOCAL DATA ELEMENT F, LDF (RLIN)
a 7
b cbc
c orignew
d 1
e ecip
f 20
g y-gencatlg
942 ## - ADDED ENTRY ELEMENTS (KOHA)
Source of classification or shelving scheme
Koha item type Book
Holdings
Withdrawn status Lost status Source of classification or shelving scheme Damaged status Not for loan Collection code Permanent Location Current Location Shelving location Date acquired Total Checkouts Full call number Barcode Date last seen Date last checked out Price effective from Koha item type
            Central Library (CL) Central Library (CL) General Stacks 02/23/2017 3 355/.07/0973 EDW S3H-N-1019 06/12/2019 06/12/2019 02/23/2017 Book
© 2023 Central Library, National University of Sciences and Technology. All Rights Reserved.